000 00374nam a2200145 i 4500
001 57014
003 ES-MaACL
005 20230906163508.0
007 t|
008 031014s1920 ag ||||1| spa d
100 1 _aDobranich, Horacio H.
_944942
245 1 0 _aTres poemas /
_cHoracio H. Dobranich.
260 _aBuenos Aires :
_b[s.n.,
_c1920]
852 _aES-MaACL
_j1593-F-11
999 _c57014
_d57014